しなの鉄道115系・SR1系の編成 - Statistics

General Stats
  • This quiz has been taken 14 times
  • The average score is 8 of 23
Answer Stats
Hint Answer % Correct
3両 しなの鉄道譲渡後のトップナンバー S1
70%
2両 2020年導入 Wi-Fi付き デュアルシート トップナンバー S101
70%
3両 「あの夏で待ってる」ラッピング→沿線キャラクター大集合ラッピング→晴星 廃車済 S2
70%
3両 ろくもん(2014~) S8
60%
2両 標準色 廃車済 S21•22
50%
3両 湘南色(2017~) S3
50%
3両 台鉄自強号色→横須賀色(2024~) S9
50%
3両 「イイヅナのリンゴ」ラッピング→コカ・コーララッピング→「Turkey!」ラッピング(2023~) S11
40%
3両 新長野色 廃車済 S15
40%
3両 横須賀色 廃車済 S16
40%
2両 2021年導入 霜取りパンタ付き 上田駅で脱線 S202
40%
3両 初代長野色(2017~) S7
40%
2両 クモハ114-514と言いたいところだが114-1514 廃車済 S27
30%
2両 2023年導入 上田駅で脱線 S306
30%
2両 信号炎管省略 S307-309
30%
3両 最も長く塗装変更されていない S10
20%
3両 ATS-P設置前に廃車 最初の廃車編成 S5
20%
2両 AC長野パルセイロラッピング 廃車済 S23
10%
3両 アコモ改装前に廃車 S6
10%
3両 標準色 廃車済 S12•13•14
0%
2両 君スピ号 廃車済 S24
0%
2両 湘南色 廃車済 S25
0%
2両 ドリーム列車”絆”→横須賀色 廃車済 S26
0%
No matching quizzes found
Score Distribution
Percent of People with Each Score
Percentile by Number Answered
Your Score History
You have not taken this quiz